Tourism : <An> International Interdisciplinary Journal

Salvato in:
Dettagli Bibliografici
Natura: Periodico
Lingua:inglese
croato
Pubblicazione: Zagreb Institute for Tourism
Tags: Aggiungi Tag
Nessun Tag, puoi essere il primo ad aggiungerne!!

MARC

LEADER 00000nas1a2200000 4500
001 0269969
005 20250718125923.8
022 |a 1849-1545 
022 |a 1332-7461 
041 0 |a eng 
041 0 |a hrv 
044 |a HR 
245 1 0 |a Tourism : <An> International Interdisciplinary Journal 
264 1 |a Zagreb  |b Institute for Tourism